The Arab Bath Socialist Party: (Record no. 13061)
[ view plain ]
| 000 -LEADER | |
|---|---|
| fixed length control field | 00958cam a22002291 4500 |
| 001 - CONTROL NUMBER | |
| control field | 2169642 |
| 005 - DATE AND TIME OF LATEST TRANSACTION | |
| control field | 19910401100807.6 |
| 008 - FIXED-LENGTH DATA ELEMENTS--GENERAL INFORMATION | |
| fixed length control field | 731212s1966 nyu b 000 0 eng |
| 010 ## - LIBRARY OF CONGRESS CONTROL NUMBER | |
| LC control number | 66025181 |
| 040 ## - CATALOGING SOURCE | |
| Original cataloging agency | DLC |
| Transcribing agency | DLC |
| Modifying agency | DLC |
| 050 00 - LIBRARY OF CONGRESS CALL NUMBER | |
| Classification number | JQ1825.S8 |
| Item number | A67 |
| 082 00 - DEWEY DECIMAL CLASSIFICATION NUMBER | |
| Classification number | 320.9569 |
| Edition number | 22 |
| Item number | JAB |
| 100 2# - MAIN ENTRY--PERSONAL NAME | |
| Personal name | Abu Jaber, Kamel, |
| Dates associated with a name | 1932- |
| 9 (RLIN) | 10038 |
| 245 14 - TITLE STATEMENT | |
| Title | The Arab Bath Socialist Party: |
| Statement of responsibility, etc | Kamel S. Abu Jaber; Foreword by Philip K. Hitti |
| Remainder of title | History, Ideology, and Organization/ |
| 260 ## - PUBLICATION, DISTRIBUTION, ETC. (IMPRINT) | |
| Place of publication, distribution, etc | Syracuse, N.Y. : |
| Name of publisher, distributor, etc | Syracuse University Press, |
| Date of publication, distribution, etc | 1966 |
| 300 ## - PHYSICAL DESCRIPTION | |
| Extent | xvi, 218 p.; |
| Dimensions | 24 cm. |
| 500 ## - GENERAL NOTE | |
| General note | Donated by:Alaa Abdel Ghany |
| 504 ## - BIBLIOGRAPHY, ETC. NOTE | |
| Bibliography, etc | Includes bibliographical references and index |
| 610 20 - SUBJECT ADDED ENTRY--CORPORATE NAME | |
| Corporate name or jurisdiction name as entry element | Hizb al-Baath al-Arabi al-Ishtiraki (Syria) |
| 9 (RLIN) | 10037 |
| 942 ## - ADDED ENTRY ELEMENTS (KOHA) | |
| Source of classification or shelving scheme | Dewey Decimal Classification |
| Item type | Book - Borrowing |
| Withdrawn status | Item status | Source of classification or shelving scheme | Damaged status | Not for loan | Vendor | Home library | Current library | Shelving location | Date acquired | Source of acquisition | Total Checkouts | Total Renewals | Full call number | Barcode | Date last seen | Date last borrowed | Koha item type |
|---|---|---|---|---|---|---|---|---|---|---|---|---|---|---|---|---|---|
| Dewey Decimal Classification | Central Library | Central Library | First floor | 20/12/2009 | Donation | 2 | 9 | 320.9569 JAB | 000019312 | 15/07/2025 | 21/02/2016 | Book - Borrowing |